000 00554nam a2200181Ia 4500
008 090123s9999 xx 000 0 und d
082 _b37724
100 _aथत्ते सुरेश हरी
245 _aआमचे भाऊ
250 _a1
260 _bस्नेहवर्धन प्रकाशन
_c2005
300 _a52
600 _aथत्ते सुरेश हरी
630 _aआमचे भाऊ
700 _aथत्ते सुरेश हरी
730 _aआमचे भाऊ
942 _cBOOK
999 _c75792
_d75792